000
00294nam a22001337a 4500
008
181205b xxu||||| |||| 00| 0 eng d
020
_a
9780586056042
041
_a
eng
080
_a
721
100
_a
41
101
_a
NDE
245
_a
Great Houses of Britain
_c
Nicolson,N
942
_2
udc
_c
BK
999
_c
52856
_d
52856